| 000 | 00628nam a22001817a 4500 | ||
|---|---|---|---|
| 003 | UA-OsUOA | ||
| 001 | 16520 | ||
| 007 | ta | ||
| 008 | 20040113b un ||||| |||| 00| 0 ukr d | ||
| 100 | _aІльчук В. | ||
| 942 | _cSA | ||
| 040 |
_aUA-OsUOA _cUA-OsUOA _dUA-OsUOA |
||
| 245 |
_aБотанічний сад у будинку і довкола нього _b[Про рівнен. ботаніка , канд. техн.наук А.Терещука] |
||
| 300 | _aС.5 | ||
| 955 | _a0 | ||
| 773 | 0 |
_w0 _tРівненський кооператор _dРівне _d2003 _g№38/17 жовт./ |
|
| 650 | 7 |
_aВидатні діячі _2UDC |
|
| 999 |
_c302685 _d302685 |
||